| 000 | 00318nam a2200109Ia 4500 | ||
|---|---|---|---|
| 008 | 220204s9999 xx 000 0 und d | ||
| 082 |
_a91(548.3) _bSRE |
||
| 100 | _aA | ||
| 245 | 0 | _aKerala District Gazetteers: Kozhikode, Trivandrum, Trichur, Quilon, Kottayam | |
| 260 |
_aThiruvalla _bGovt of Kerala _c1962 |
||
| 942 | _cBK | ||
| 999 |
_c20623 _d20623 |
||